U.S. States that Voted for Bush in the 2000 Election - Statistics

General Stats
  • This quiz has been taken 23 times
  • The average score is 28 of 30
Answers on the Map
Answers color-coded by a green-red scale on the quiz's map according to % correct below.
 
Answer Stats
State Electoral Votes % Correct
Florida 25
100%
Georgia 13
100%
Mississippi 7
100%
Missouri 11
100%
North Dakota 3
100%
Ohio 21
100%
South Dakota 3
100%
Texas 32
100%
Alabama 9
95%
Alaska 3
95%
Arizona 8
95%
Arkansas 6
95%
Idaho 4
95%
Indiana 12
95%
Kentucky 8
95%
Louisiana 9
95%
Montana 3
95%
Nebraska 5
95%
North Carolina 14
95%
Oklahoma 8
95%
South Carolina 8
95%
Tennessee 11
95%
Utah 5
95%
Virginia 13
95%
West Virginia 5
95%
Wyoming 3
95%
Colorado 8
90%
Kansas 6
90%
Nevada 4
85%
New Hampshire 4
60%
No matching quizzes found
Score Distribution
Percent of People with Each Score
Percentile by Number Answered
Your Score History
You have not taken this quiz